000 00563nam a2200205Ia 4500
003 BUBTL
008 151213s9999 xx 000 0 und d
020 _a8178080273
082 _a658.87/ G371r/ 1999
100 _aDavid Gilbert
245 _aRetail Marketing Management:
_cDavid Gilbert
260 _aNew York
_bPrentic Hall
_cc1999
300 _a[xii], 356p . :
_bill . ; 25cm.
500 _aIncludes Index.
650 _aMarketing
700 _aDavid Gilbert
_94335
856 _k0
_l0
_yDownload
942 _2ddc
_cBK
999 _c1182
_d1182